[Event "4NCL 2017-18"]
[Site "England ENG"]
[Date "2018.02.10"]
[Round "5.54"]
[White "Zhou, Yang-Fan"]
[Black "Williams, Simon K"]
[Result "0-1"]
[WhiteTitle "IM"]
[BlackTitle "GM"]
[WhiteElo "2440"]
[BlackElo "2460"]
[WhiteTeam "Guildford"]
[BlackTeam "Cheddleton"]
[WhiteFideId "468584"]
[BlackFideId "404454"]
[EventDate "2017.11.11"]

1. e4 e6 2. d3 Nf6 3. f4 d5 4. e5 Ng8 5. Nd2 c5 6. g3 Nc6 7. Ndf3 h5 8. c3 Nh6
9. Qe2 b5 10. Nh3 Nf5 11. Nhg5 b4 12. Bh3 g6 13. O-O a5 14. Be3 d4 15. cxd4
Ncxd4 16. Bxd4 Nxd4 17. Qe4 Nxf3+ 18. Rxf3 Ra7 19. Rf2 h4 20. Rc1 hxg3 21. hxg3
Rc7 22. Rh2 Bb7 23. Qe3 c4 24. d4 Rh5 25. Ne4 Bxe4 26. Qxe4 c3 27. Bf1 f5 28.
exf6 Qxf6 29. Rxh5 gxh5 30. bxc3 bxc3 31. Bb5+ Ke7 32. d5 Qf5 33. Qxf5 exf5 34.
Bc6 Bg7 35. Kf2 Kd6 36. Ke2 Re7+ 37. Kd3 Re4 38. Rh1 Rd4+ 39. Kc2 Rd2+ 40. Kb3
Rb2+ 41. Kc4 c2 42. Rc1 Rxa2 43. Kd3 Ra3+ 44. Kxc2 Rxg3 45. Rh1 Rg4 46. Rxh5
Rxf4 47. Rg5 Be5 48. Kd3 Rd4+ 49. Ke2 f4 50. Rg8 Re4+ 51. Kf2 Re3 52. Ra8 Ra3
53. Rf8 a4 54. Ra8 Bd4+ 55. Ke1 Re3+ 56. Kf1 a3 57. Ra4 Be5 58. Ra6 Rc3 59. Ke1
f3 60. Kd2 f2 61. Be8+ Kxd5 62. Ke2 Rc2+ 63. Kf1 Bd4 64. Kg2 Rc1 65. Bb5 Rg1+
66. Kh3 Bc5 67. Bc6+ Ke5 0-1

[Event "4NCL 2017-18"]
[Site "England ENG"]
[Date "2018.02.10"]
[Round "5.55"]
[White "Kirk, Ezra"]
[Black "Sarakauskas, Gediminas"]
[Result "1/2-1/2"]
[WhiteTitle "IM"]
[BlackTitle "IM"]
[WhiteElo "2420"]
[BlackElo "2424"]
[WhiteTeam "Cheddleton"]
[BlackTeam "Guildford"]
[WhiteFideId "600067"]
[BlackFideId "12800724"]
[EventDate "2017.11.11"]

1. e4 e6 2. d4 d5 3. Nc3 Nf6 4. Bg5 dxe4 5. Nxe4 Be7 6. Bxf6 gxf6 7. Qd2 b6 8.
O-O-O Bb7 9. Nc3 c6 10. f4 f5 11. g3 Nd7 12. Bg2 Qc7 13. Nf3 O-O-O 14. Rhe1 Kb8
15. a3 Rhg8 16. Qf2 Rg7 17. Kb1 Rdg8 18. Ne5 Nxe5 19. dxe5 Rh8 20. Rd2 Rgg8 21.
Red1 Rd8 22. Qe2 Rxd2 23. Rxd2 Rd8 24. Rxd8+ Qxd8 25. Qh5 Qg8 26. Na2 Kc7 27.
Nb4 a5 28. Na2 Qg6 29. Qe2 h5 30. Nc3 h4 31. Qf3 hxg3 32. hxg3 Qg4 33. Qd3 Qg8
34. Qc4 Qxg3 35. Nb5+ Kd7 36. Qd4+ Ke8 37. Qxb6 Qxg2 38. Nc7+ Kf8 39. Qxb7 Qf1+
40. Ka2 Qc4+ 41. Kb1 Qxf4 42. Qxc6 Kg7 43. Qd7 Qh4 44. c4 f4 45. Ne8+ Kg6 46.
Qd3+ Kg5 47. Nd6 f5 48. exf6 Kxf6 49. Ne4+ Ke5 50. Nd2 Kf6 51. Ka2 Qe1 52. Qc3+
e5 53. b4 axb4 54. axb4 Qe3 55. Kb3 Qxc3+ 56. Kxc3 Kf5 57. c5 e4 58. Nc4 Bf6+
59. Kd2 Bd4 60. c6 Ke6 61. c7 Kd7 62. c8=Q+ Kxc8 63. Nd6+ 1/2-1/2

[Event "4NCL 2017-18"]
[Site "England ENG"]
[Date "2018.02.10"]
[Round "5.56"]
[White "Flear, Glenn C"]
[Black "Arkell, Keith C"]
[Result "1-0"]
[WhiteTitle "GM"]
[BlackTitle "GM"]
[WhiteElo "2444"]
[BlackElo "2414"]
[WhiteTeam "Guildford"]
[BlackTeam "Cheddleton"]
[WhiteFideId "400165"]
[BlackFideId "400270"]
[EventDate "2017.11.11"]

1. d4 e6 2. c4 Bb4+ 3. Bd2 Bxd2+ 4. Qxd2 d5 5. Nf3 Nf6 6. g3 Nbd7 7. Bg2 O-O 8.
O-O c6 9. Rc1 Qe7 10. Na3 Ne4 11. Qe3 Re8 12. Ne5 Nd6 13. Qc3 f6 14. Nxd7 Bxd7
15. c5 Nf7 16. e4 b5 17. Re1 Qd8 18. Nc2 a5 19. a3 Qc7 20. Re3 Ng5 21. exd5 exd5
22. Rae1 Rxe3 23. Rxe3 Re8 24. Qe1 Rxe3 25. Nxe3 Qd8 26. h4 Nf7 27. Bf1 g6 28.
Bd3 Kg7 29. Qe2 Nh6 30. Qf3 Qb8 31. h5 Nf7 32. hxg6 hxg6 33. Ng2 Ng5 34. Qd1 Qc8
35. Nh4 Nh3+ 36. Kg2 Be8 37. Qe2 Bf7 38. f4 a4 39. Kh2 Qe6 40. Qxe6 Bxe6 41. Kg2 1-0

[Event "4NCL 2017-18"]
[Site "England ENG"]
[Date "2018.02.10"]
[Round "5.57"]
[White "Eggleston, David J"]
[Black "Wadsworth, Matthew J"]
[Result "1/2-1/2"]
[WhiteTitle "IM"]
[BlackTitle "FM"]
[WhiteElo "2407"]
[BlackElo "2354"]
[WhiteTeam "Cheddleton"]
[BlackTeam "Guildford"]
[WhiteFideId "412120"]
[BlackFideId "415804"]
[EventDate "2017.11.11"]

1. e4 e6 2. d4 d5 3. Nc3 Bb4 4. e5 c5 5. a3 Bxc3+ 6. bxc3 Qa5 7. Bd2 Qa4 8. Qg4
g6 9. Qd1 b6 10. h4 h5 11. Nf3 Ba6 12. Bd3 Bxd3 13. cxd3 Qxd1+ 14. Rxd1 Ne7 15.
dxc5 bxc5 16. Rb1 Nd7 17. Bg5 Nc6 18. Rb7 Rb8 19. Rxb8+ Ncxb8 20. Kd2 O-O 21.
Be7 Rc8 22. Rb1 Nb6 23. a4 Nc6 24. Bxc5 Nxa4 25. Bd6 Nb6 26. Ra1 Nd7 27. Rb1 Nb6
28. Nd4 Nxd4 29. cxd4 Rc6 30. Ra1 Nc8 31. Bc5 Rc7 32. f3 Kg7 33. Ra6 Kh6 34. g4
g5 35. hxg5+ Kxg5 36. gxh5 Kxh5 37. Ra1 Ne7 38. Bxe7 Rxe7 39. Ke3 Rb7 40. f4 Kg6
41. Rg1+ Kh7 42. Ra1 Kg6 43. Rg1+ Kh7 44. Ra1 Kg6 1/2-1/2

[Event "4NCL 2017-18"]
[Site "England ENG"]
[Date "2018.02.10"]
[Round "5.58"]
[White "Kalaiyalahan, Akshaya"]
[Black "Steil-Antoni, Fiona"]
[Result "1/2-1/2"]
[WhiteTitle "FM"]
[BlackTitle "WIM"]
[WhiteElo "2138"]
[BlackElo "2200"]
[WhiteTeam "Guildford"]
[BlackTeam "Cheddleton"]
[WhiteFideId "422894"]
[BlackFideId "4001249"]
[EventDate "2017.11.11"]

1. d4 e6 2. c4 f5 3. Nf3 Nf6 4. g3 Be7 5. Bg2 d5 6. O-O Ne4 7. Nc3 c6 8. Ne5 Nd7
9. Nxd7 Bxd7 10. Nxe4 fxe4 11. f3 exf3 12. Bxf3 O-O 13. e4 dxc4 14. Qe2 b5 15.
Be3 Bg5 16. e5 Bxe3+ 17. Qxe3 Qe7 18. b3 cxb3 19. axb3 a5 20. Rfc1 Ra6 21. Rc5
Rc8 22. Be4 g6 23. h4 Rf8 24. Qd2 Qf7 25. Rcc1 a4 26. Ra3 Qe7 27. b4 Rf7 28. Qb2
Ra8 29. Kg2 Raf8 30. Bf3 g5 31. hxg5 Qxg5 32. Rc2 h5 33. Qc1 Qg6 34. Qd1 h4 35.
Bh5 Qe4+ 36. Kh3 Rg7 37. g4 Rf4 38. Qd3 Qxd4 39. Qxd4 Rxd4 40. Rb2 Rg5 41. Rf3
Rxh5 42. gxh5 Be8 43. h6 Bg6 44. Rg2 1/2-1/2

[Event "4NCL 2017-18"]
[Site "England ENG"]
[Date "2018.02.10"]
[Round "5.61"]
[White "Turner, Matthew J"]
[Black "Speelman, Jon S"]
[Result "1/2-1/2"]
[WhiteTitle "GM"]
[BlackTitle "GM"]
[WhiteElo "2529"]
[BlackElo "2503"]
[WhiteTeam "Barbican 4NCL"]
[BlackTeam "Wood Green"]
[WhiteFideId "402893"]
[BlackFideId "400033"]
[EventDate "2017.11.11"]

1. Nf3 Nf6 2. c4 e6 3. g3 d5 4. Bg2 dxc4 5. Qa4+ Bd7 6. Qxc4 c5 7. Ne5 Qc8 8.
O-O Nc6 9. Nxd7 Qxd7 10. Nc3 Rc8 11. Qa4 Be7 12. d3 O-O 13. Be3 Rfd8 14. Rac1 b6
15. Rfd1 Nd5 16. Nxd5 exd5 17. a3 Qe6 18. b4 cxb4 19. axb4 Nxb4 20. Rxc8 Rxc8
21. Qxa7 d4 22. Bxd4 Qxe2 23. Rf1 Bc5 24. Bxc5 bxc5 25. d4 Qb5 26. Bh3 Nc6 27.
Qxc5 Qxc5 28. dxc5 Rc7 29. Rd1 Kf8 30. Rd7 Rxd7 31. Bxd7 Nd4 32. f4 Ke7 33. Bh3
Nb3 34. c6 1/2-1/2

[Event "4NCL 2017-18"]
[Site "England ENG"]
[Date "2018.02.10"]
[Round "5.62"]
[White "Houska, Jovanka"]
[Black "Griffiths, Ryan Rhys"]
[Result "0-1"]
[WhiteTitle "IM"]
[BlackTitle "FM"]
[WhiteElo "2420"]
[BlackElo "2353"]
[WhiteTeam "Wood Green"]
[BlackTeam "Barbican 4NCL"]
[WhiteFideId "405094"]
[BlackFideId "2502054"]
[EventDate "2017.11.11"]

1. d4 Nf6 2. Nf3 g6 3. Nbd2 d5 4. b4 Bg7 5. e3 O-O 6. Bb2 a5 7. b5 a4 8. a3 c6
9. bxc6 bxc6 10. c4 Qa5 11. Qc2 Bf5 12. Bd3 Bxd3 13. Qxd3 Nbd7 14. O-O Rfb8 15.
Rab1 Qa6 16. Qc2 e6 17. Rfc1 Rb7 18. Ne1 Bf8 19. Nd3 Ne4 20. c5 Nxd2 21. Qxd2
Rb3 22. Nb4 Qc8 23. Rc3 Rxc3 24. Bxc3 e5 25. f3 Bh6 26. Re1 Qc7 27. Kh1 Bg7 28.
Qc2 exd4 29. exd4 Nf8 30. Rb1 Ne6 31. Qd2 h5 32. g3 Bf6 33. Kg2 h4 34. Nc2 Kg7
35. f4 Qd7 36. Ne3 Rh8 37. Kg1 Nc7 38. Rb7 Qc8 39. Rb4 hxg3 40. hxg3 Qe6 41. Qd3
Nb5 42. f5 Qd7 43. Bd2 Re8 44. Ng4 gxf5 45. Nxf6 Kxf6 46. Rxa4 Re4 47. Bf4 Kg6
48. Rb4 Re1+ 49. Kf2 Ra1 50. a4 Qe7 51. Bd2 Na3 52. Rb8 Nc4 53. Rg8+ Kh7 54. Rg4
Qe6 55. Rh4+ Kg7 56. Bh6+ Kg6 57. Kg2 Qe1 58. Rh2 Ra2+ 59. Kh3 Rxh2+ 60. Kxh2
Kxh6 61. Qxf5 Qe2+ 62. Kg1 Qg2+ 0-1

[Event "4NCL 2017-18"]
[Site "England ENG"]
[Date "2018.02.10"]
[Round "5.63"]
[White "Taylor, Martin R"]
[Black "Haria, Ravi"]
[Result "0-1"]
[WhiteTitle "FM"]
[BlackTitle "IM"]
[WhiteElo "2348"]
[BlackElo "2435"]
[WhiteTeam "Barbican 4NCL"]
[BlackTeam "Wood Green"]
[WhiteFideId "407836"]
[BlackFideId "415820"]
[EventDate "2017.11.11"]

1. d4 e6 2. c4 d5 3. Nc3 a6 4. cxd5 exd5 5. Qb3 Nc6 6. Nf3 Bb4 7. Bf4 Nge7 8. a3
Bd6 9. Bxd6 Qxd6 10. e3 O-O 11. Be2 Be6 12. O-O f6 13. Ne1 b6 14. Nd3 Bf7 15.
Rac1 Rfd8 16. Rfd1 Kh8 17. Nb1 Ra7 18. Nd2 g5 19. Qc3 Kg7 20. Nb4 Nxb4 21. axb4
Be8 22. Nb3 Nc6 23. b5 Nb4 24. Ra1 a5 25. Nd2 c6 26. e4 cxb5 27. e5 Qe7 28. Nf3
f5 29. Rdc1 Bd7 30. Qd2 h6 31. g3 Rf8 32. Ra3 f4 33. Ne1 Qf7 34. f3 Qe6 35. Qxb4
axb4 36. Rxa7 Rf7 37. Rcc7 Be8 38. Bxb5 Rxc7 39. Rxc7+ Kf8 40. Bd3 b5 41. gxf4
Qb6 42. Rc5 gxf4 43. Ng2 Bg6 44. Bf1 Qa7 45. Nxf4 Bf5 46. Kf2 Qe7 47. Ng2 Qg5
48. Ke2 Bh3 49. Kf2 Qd2+ 50. Kg3 Qxd4 51. Rxb5 Bxg2 52. Bxg2 Qxe5+ 53. f4 Qg7+
54. Kf3 Qxb2 55. Rxd5 Qb3+ 56. Kg4 Qc2 57. Rf5+ Kg7 58. Bd5 Qc8 59. Be4 Kg6 60.
Kf3 Qxf5 61. Ke3 b3 62. Bxf5+ Kxf5 63. Kd3 Kxf4 64. Kc3 Kg4 65. Kxb3 Kh3 66. Kc4
Kxh2 67. Kd4 Kg3 0-1

[Event "4NCL 2017-18"]
[Site "England ENG"]
[Date "2018.02.10"]
[Round "5.64"]
[White "Notkevich, Benjamin Arvola"]
[Black "Sowray, Peter J"]
[Result "0-1"]
[WhiteTitle "IM"]
[BlackTitle "FM"]
[WhiteElo "2468"]
[BlackElo "2365"]
[WhiteTeam "Wood Green"]
[BlackTeam "Barbican 4NCL"]
[WhiteFideId "1506536"]
[BlackFideId "400971"]
[EventDate "2017.11.11"]

1. e4 e5 2. Nf3 Nc6 3. d4 exd4 4. Nxd4 Nf6 5. Nxc6 bxc6 6. e5 Qe7 7. Qe2 Nd5 8.
c4 Nb6 9. Nd2 Qe6 10. b3 Bb4 11. Bb2 O-O 12. O-O-O Qe7 13. Ne4 Re8 14. f4 d5 15.
cxd5 cxd5 16. Ng3 Rb8 17. Qc2 Bg4 18. Be2 Bxe2 19. Qxe2 Ba3 20. Nf5 Qb4 21. Bxa3
Qxf4+ 22. Ne3 Qxe5 23. Bc5 Qa1+ 24. Kd2 Qxa2+ 25. Ke1 Qxb3 26. Kf2 Re4 27. Qd3
Qb2+ 28. Qc2 Qxc2+ 29. Nxc2 Rc4 30. Bxb6 Rxc2+ 31. Kf3 cxb6 32. Rxd5 Rc7 33. Rb1
g6 34. g4 Kg7 35. h4 Rbc8 36. Re1 Rc3+ 0-1

[Event "4NCL 2017-18"]
[Site "England ENG"]
[Date "2018.02.10"]
[Round "5.65"]
[White "Jackson, James P"]
[Black "McDonald, Neil"]
[Result "1-0"]
[WhiteTitle "FM"]
[BlackTitle "GM"]
[WhiteElo "2364"]
[BlackElo "2397"]
[WhiteTeam "Barbican 4NCL"]
[BlackTeam "Wood Green"]
[WhiteFideId "416860"]
[BlackFideId "400629"]
[EventDate "2017.11.11"]

1. e4 Nf6 2. e5 Nd5 3. d4 d6 4. f4 g6 5. Nf3 Bg7 6. Bc4 Nb6 7. Bb3 O-O 8. O-O
Nc6 9. c3 Na5 10. Bc2 c5 11. dxc5 dxc5 12. Qe1 Bf5 13. Bxf5 gxf5 14. Qe2 Qd5 15.
Rd1 Qc4 16. Kf2 Rfd8 17. Na3 Qxe2+ 18. Kxe2 Rxd1 19. Kxd1 f6 20. exf6 Bxf6 21.
Kc2 Nd5 22. Bd2 Rb8 23. Re1 b5 24. Ne5 Rb7 25. b3 a6 26. c4 Nb4+ 27. Kb1 bxc4
28. Naxc4 Nxc4 29. Nxc4 Kf7 30. Bxb4 cxb4 31. Rd1 Rb8 32. Rd5 Ke6 33. Ra5 h5 34.
Ne3 Rb6 35. Kc2 Rc6+ 36. Kd3 h4 37. Nxf5 Rc1 38. Ne3 Rh1 39. Rxa6+ Kf7 40. h3
Rg1 41. Ke4 Bb2 42. Kf3 Bd4 43. Nf5 Bf6 44. Rc6 Rf1+ 45. Ke3 Re1+ 46. Kf2 Ra1
47. Rc2 Kg6 48. Ne3 Bd4 49. Kf3 e6 50. Nc4 Kf5 51. Nd6+ Kf6 52. Kg4 Rf1 53. Ne4+
Ke7 54. Ng5 Bf2 55. Re2 Bg3 56. Rxe6+ Kd7 57. Re4 Rf2 58. Rxb4 Rxg2 59. Ra4 Be1+
60. Kf5 Bg3 61. Nf3 Rc2 62. Kg4 Rc8 63. Ra7+ Kc6 64. Rg7 Rh8 65. f5 Ra8 66. f6
Rxa2 67. f7 Bd6 68. Rg8 1-0

[Event "4NCL 2017-18"]
[Site "England ENG"]
[Date "2018.02.10"]
[Round "5.66"]
[White "Fitzsimons, David"]
[Black "Rogers, Jonathan W"]
[Result "1-0"]
[WhiteTitle "FM"]
[BlackTitle "FM"]
[WhiteElo "2323"]
[BlackElo "2302"]
[WhiteTeam "Wood Green"]
[BlackTeam "Barbican 4NCL"]
[WhiteFideId "2501961"]
[BlackFideId "402052"]
[EventDate "2017.11.11"]

1. e4 e5 2. Nf3 Nc6 3. Bc4 Be7 4. d4 exd4 5. c3 Nf6 6. e5 Ne4 7. Bd5 Nc5 8. cxd4
Ne6 9. Nc3 O-O 10. Be4 f5 11. exf6 Bxf6 12. d5 Nc5 13. dxc6 Bxc3+ 14. bxc3 Qe7
15. Qd5+ Kh8 16. Ba3 d6 17. Bxc5 Rf5 18. Qd3 1-0

[Event "4NCL 2017-18"]
[Site "England ENG"]
[Date "2018.02.10"]
[Round "5.67"]
[White "Dorrington, Chris J"]
[Black "Harvey, Marcus R"]
[Result "0-1"]
[BlackTitle "FM"]
[WhiteElo "2308"]
[BlackElo "2358"]
[WhiteTeam "Barbican 4NCL"]
[BlackTeam "Wood Green"]
[WhiteFideId "410462"]
[BlackFideId "400092"]
[EventDate "2017.11.11"]

1. Nf3 Nf6 2. d4 e6 3. c4 Bb4+ 4. Nbd2 O-O 5. a3 Bxd2+ 6. Qxd2 d5 7. e3 b6 8. b3
Nbd7 9. cxd5 exd5 10. Bb2 a5 11. Bd3 Ba6 12. a4 Ne4 13. Qe2 Bxd3 14. Qxd3 Qf6
15. O-O Rfc8 16. Rac1 Qe6 17. Rc2 c6 18. Rfc1 Rc7 19. Qe2 f6 20. Ne1 Rac8 21.
Nd3 g5 22. Ba3 Kg7 23. Re1 c5 24. dxc5 bxc5 25. f3 Nd6 26. Rec1 c4 27. Nf2 Nf5
28. Rc3 Nd4 29. Qb2 Nxb3 30. Rxb3 cxb3 31. Rxc7 Rxc7 32. Qxb3 Qb6 33. Qd3 Ne5
34. Qe2 Qb3 0-1

[Event "4NCL 2017-18"]
[Site "England ENG"]
[Date "2018.02.10"]
[Round "5.68"]
[White "Weaving, Richard"]
[Black "Lauterbach, Ingrid"]
[Result "1-0"]
[WhiteTitle "FM"]
[BlackTitle "WIM"]
[WhiteElo "2333"]
[BlackElo "2048"]
[WhiteTeam "Wood Green"]
[BlackTeam "Barbican 4NCL"]
[WhiteFideId "401161"]
[BlackFideId "405221"]
[EventDate "2017.11.11"]

1. e4 e6 2. d4 d5 3. Nd2 c5 4. exd5 exd5 5. Ngf3 a6 6. Be2 c4 7. a4 Nc6 8. O-O
Bd6 9. Re1 Nge7 10. b3 cxb3 11. Nxb3 O-O 12. Ba3 Bxa3 13. Rxa3 Nf5 14. a5 Nd6
15. Ne5 Na7 16. Ra1 Nab5 17. Bf3 Nc3 18. Qd2 Nce4 19. Bxe4 Nxe4 20. Qb4 Qf6 21.
f3 Nd6 22. Nc5 Rd8 23. Re2 Nb5 24. Rae1 h5 25. Na4 Be6 26. Nb6 Rab8 27. c3 Bf5
28. Re3 Qd6 29. Qb3 Qc7 30. Nxd5 Rxd5 31. Qxd5 Be6 32. Qe4 Nxc3 33. Qc2 Nb5 34.
Qxc7 Nxc7 35. Rd1 Rd8 36. Re2 Nb5 37. Red2 Nc3 38. Rc1 Rxd4 39. Rxd4 Ne2+ 40.
Kf2 Nxd4 41. Rc7 Nb3 42. Rxb7 Nxa5 43. Rb6 Nb3 44. Rxa6 Nd4 45. Nd3 g6 46. Nf4
Bf5 47. Ne2 Ne6 48. Ke3 Nf8 49. Nd4 Bd7 50. h4 Kg7 51. Kf4 Nh7 52. Ra7 Nf6 53.
Ke5 Bc8 54. Rc7 Ba6 55. Ne6+ Kh6 56. Kxf6 fxe6 57. Kxe6 Bf1 58. g3 g5 59. hxg5+
Kxg5 60. Rc5+ Kg6 61. f4 Bh3+ 62. Ke5 h4 63. gxh4 Bg4 64. f5+ Kh5 65. f6 Kg6 66.
Rc7 Bd1 67. Rg7+ Kh6 68. Rg5 Bb3 69. Kd6 1-0

[Event "4NCL 2017-18"]
[Site "England ENG"]
[Date "2018.02.10"]
[Round "5.71"]
[White "Gormally, Daniel W"]
[Black "Cooper, John G"]
[Result "1-0"]
[WhiteTitle "GM"]
[BlackTitle "IM"]
[WhiteElo "2484"]
[BlackElo "2268"]
[WhiteTeam "Blackthorne Russia"]
[BlackTeam "West is Best"]
[WhiteFideId "406465"]
[BlackFideId "1800027"]
[EventDate "2017.11.11"]

1. d4 Nf6 2. Nf3 c5 3. d5 d6 4. Nc3 g6 5. e4 Bg7 6. Bb5+ Bd7 7. a4 O-O 8. h3 Na6
9. O-O Nc7 10. Bd3 e6 11. dxe6 Nxe6 12. Re1 Bc6 13. Bc4 Re8 14. Nd5 Qd7 15. c3
Nc7 16. Nxf6+ Bxf6 17. Bf4 Rad8 18. Qxd6 Qxd6 19. Bxd6 Rxd6 20. e5 Bxe5 21. Nxe5
Bd5 22. Bxd5 Rxd5 23. Nc4 f6 24. Na5 Kf7 25. Nxb7 c4 26. Red1 1-0

[Event "4NCL 2017-18"]
[Site "England ENG"]
[Date "2018.02.10"]
[Round "5.72"]
[White "Rees, Ioan"]
[Black "Hunt, Adam C"]
[Result "0-1"]
[WhiteTitle "FM"]
[BlackTitle "IM"]
[WhiteElo "2278"]
[BlackElo "2401"]
[WhiteTeam "West is Best"]
[BlackTeam "Blackthorne Russia"]
[WhiteFideId "1801236"]
[BlackFideId "403970"]
[EventDate "2017.11.11"]

1. Nf3 Nf6 2. c4 g6 3. b3 Bg7 4. Bb2 O-O 5. g3 d6 6. d4 c5 7. Bg2 Nc6 8. d5 Na5
9. O-O Rb8 10. Qe1 b5 11. cxb5 Nxd5 12. Bxg7 Kxg7 13. e4 Nf6 14. e5 dxe5 15.
Qxe5 Rxb5 16. Nc3 Nc6 17. Qe3 Ra5 18. Rfd1 Qc7 19. Rac1 Rd8 20. Rxd8 Nxd8 21.
Ne5 Bb7 22. Nc4 Ra6 23. Nb5 Qd7 24. Qxc5 Bxg2 25. Kxg2 Nb7 26. Qb4 Qc6+ 27. Kg1
Nd5 0-1

[Event "4NCL 2017-18"]
[Site "England ENG"]
[Date "2018.02.10"]
[Round "5.73"]
[White "Hunt, Harriet V"]
[Black "Toma, Katarzyna"]
[Result "1/2-1/2"]
[WhiteTitle "IM"]
[BlackTitle "WGM"]
[WhiteElo "2439"]
[BlackElo "2264"]
[WhiteTeam "Blackthorne Russia"]
[BlackTeam "West is Best"]
[WhiteFideId "403512"]
[BlackFideId "1119907"]
[EventDate "2017.11.11"]

1. e4 e5 2. Nf3 Nc6 3. Bb5 Nge7 4. c3 g6 5. d4 exd4 6. cxd4 a6 7. Ba4 b5 8. Bb3
Bg7 9. O-O d6 10. h3 O-O 11. Nc3 Na5 12. Bc2 Bb7 13. Re1 Rc8 14. Bg5 Qd7 15. e5
Nd5 16. Ne4 f6 17. exf6 Nxf6 18. Bxf6 Bxf6 19. a4 Nc4 20. axb5 axb5 21. b3 Nb6
22. Ra7 Bc6 23. Nfg5 Nd5 24. Qd2 Bg7 25. Ng3 Nf4 26. Be4 d5 27. Bf3 Bh6 28. Bg4
Qd6 29. h4 Bd7 30. Bxd7 Qxd7 31. Qd1 Bg7 32. Ra6 Rce8 33. Rxe8 Rxe8 34. Kh2 Bf8
35. h5 Bd6 36. hxg6 hxg6 37. Kg1 Kg7 38. Ra1 Rf8 39. Rc1 Ba3 40. Rc2 Bd6 41. Rc1
Ba3 1/2-1/2

[Event "4NCL 2017-18"]
[Site "England ENG"]
[Date "2018.02.10"]
[Round "5.74"]
[White "Blackburn, Jonathan L B"]
[Black "Ledger, Andrew J"]
[Result "1/2-1/2"]
[BlackTitle "IM"]
[WhiteElo "2200"]
[BlackElo "2369"]
[WhiteTeam "West is Best"]
[BlackTeam "Blackthorne Russia"]
[WhiteFideId "1801090"]
[BlackFideId "400610"]
[EventDate "2017.11.11"]

1. d4 Nf6 2. c4 e6 3. Nf3 Bb4+ 4. Bd2 c5 5. Bxb4 cxb4 6. e3 O-O 7. Be2 d6 8. O-O
Nc6 9. a3 bxa3 10. Rxa3 e5 11. Nc3 Bf5 12. Nh4 Bd7 13. Nf3 a6 14. Qb3 exd4 15.
Nxd4 Nxd4 16. exd4 Rb8 17. Qb4 Qc7 18. Qa5 Rbc8 19. b4 Rfe8 20. Bd3 Qb8 21. Qg5 1/2-1/2

[Event "4NCL 2017-18"]
[Site "England ENG"]
[Date "2018.02.10"]
[Round "5.75"]
[White "Ansell, Simon T"]
[Black "Phillips, Roy"]
[Result "1-0"]
[WhiteTitle "IM"]
[BlackTitle "FM"]
[WhiteElo "2342"]
[BlackElo "2170"]
[WhiteTeam "Blackthorne Russia"]
[BlackTeam "West is Best"]
[WhiteFideId "402141"]
[BlackFideId "404136"]
[EventDate "2017.11.11"]

1. d4 d6 2. e4 Nf6 3. Nc3 e5 4. Nf3 Nbd7 5. Bc4 Be7 6. O-O O-O 7. Re1 c6 8. a4
a5 9. h3 Qc7 10. dxe5 Nxe5 11. Ba2 Nxf3+ 12. Qxf3 Nd7 13. Be3 Ne5 14. Qg3 Ng6
15. Ne2 Bh4 16. Qf3 Be6 17. Bd4 Rae8 18. Bc3 Bxa2 19. Rxa2 f5 20. exf5 Qf7 21.
Raa1 Qxf5 22. Qxf5 Rxf5 23. g3 Bd8 24. Nd4 Rfe5 25. Nf5 Rxe1+ 26. Rxe1 Rxe1+ 27.
Bxe1 Bc7 28. Bc3 Ne5 29. f4 Nc4 30. Bxg7 Kf7 31. Bc3 Ke6 32. g4 Kd5 33. Ng7 Ke4
34. f5 d5 35. f6 Ne5 36. Kg2 d4 37. Bxd4 Kxd4 38. Ne6+ Kd5 39. Nxc7+ Kd6 40.
Ne8+ Kd7 41. f7 1-0

[Event "4NCL 2017-18"]
[Site "England ENG"]
[Date "2018.02.10"]
[Round "5.76"]
[White "Kett, Tim"]
[Black "Webb, Laurence E"]
[Result "1/2-1/2"]
[BlackTitle "FM"]
[WhiteElo "2215"]
[BlackElo "2281"]
[WhiteTeam "West is Best"]
[BlackTeam "Blackthorne Russia"]
[WhiteFideId "1801210"]
[BlackFideId "402389"]
[EventDate "2017.11.11"]

1. e4 e6 2. d4 d5 3. Nc3 Bb4 4. e5 c5 5. a3 Bxc3+ 6. bxc3 Qa5 7. Bd2 Qa4 8. Nf3
b6 9. Bd3 Ba6 10. O-O Bxd3 11. cxd3 Qxd1 12. Raxd1 Nd7 13. dxc5 Nxc5 14. Be1 Ne7
15. Nd4 Kd7 16. f4 Nf5 17. Nxf5 exf5 18. c4 Ke6 19. g4 g6 20. cxd5+ Kxd5 21.
gxf5 gxf5 22. Rf3 Rac8 23. Rh3 h5 24. Rc1 Rcg8+ 25. Kf2 Ne6 26. Bd2 Rg4 27. Kf3
Nd4+ 28. Kf2 Rhg8 29. Rg3 Nb3 30. Rd1 Nxd2 31. Rxd2 Rxf4+ 32. Ke3 Rgg4 33. Rc2
Ra4 34. Rxg4 fxg4 35. Rf2 Rxa3 36. Rxf7 Ra2 37. h4 gxh3 38. Rh7 h2 39. Rxh5 a5
40. d4 Ra3+ 41. Kf4 Kxd4 42. Rxh2 Ra1 43. Re2 Rf1+ 44. Kg5 b5 45. e6 Rf8 46. e7
Re8 47. Kf6 a4 48. Kf7 Rxe7+ 49. Rxe7 a3 50. Ra7 b4 51. Ke6 Kc4 52. Ke5 b3 53.
Ra4+ Kc3 54. Rxa3 Kc2 55. Rxb3 Kxb3 1/2-1/2

[Event "4NCL 2017-18"]
[Site "England ENG"]
[Date "2018.02.10"]
[Round "5.77"]
[White "Duncan, Chris R"]
[Black "Jones, Steven A"]
[Result "1-0"]
[WhiteTitle "FM"]
[WhiteElo "2229"]
[BlackElo "2225"]
[WhiteTeam "Blackthorne Russia"]
[BlackTeam "West is Best"]
[WhiteFideId "403091"]
[BlackFideId "419630"]
[EventDate "2017.11.11"]

1. c4 Nf6 2. Nc3 g6 3. e4 d6 4. d4 Bg7 5. Nf3 O-O 6. Be2 e5 7. O-O Nc6 8. d5 Ne7
9. b4 Nh5 10. Re1 f5 11. Ng5 Nf6 12. f3 Nh5 13. Be3 Nf4 14. g3 h6 15. gxf4 exf4
16. Bd4 hxg5 17. Bxg7 Kxg7 18. Qd4+ Kh7 19. e5 dxe5 20. Qxe5 Ng8 21. Bf1 Bd7 22.
Qd4 Re8 23. Rxe8 Qxe8 24. Kf2 Qf8 25. Re1 Qxb4 26. Rb1 Qe7 27. Rxb7 Bc8 28. Rb1
Ba6 29. Re1 Qa3 30. Re6 Rf8 31. Be2 Rf7 32. Qe5 Bxc4 33. Bxc4 Qc5+ 34. Kg2 Qxc4
35. Rc6 Qd3 36. Rxc7 Rxc7 37. Qxc7+ Kh6 38. Qe5 Qd2+ 39. Ne2 Kh5 40. d6 Nf6 41.
Kf1 Qe3 42. Qxf6 Qxf3+ 43. Ke1 Qh1+ 44. Kd2 Qd5+ 45. Kc1 Qc4+ 46. Qc3 Qxe2 47.
Qh3# 1-0